000 00689nam a2200253Ia 4500
003 OSt
005 20220926035819.0
006 a|||||r|||| 00| 0
007 ta
008 220923b |||||||| |||| 00| 0 eng d
037 _cGeneral Book
040 _aRTL
_cRTL
_beng
041 _2eng
_aeng
082 _aX:91, J4;1
100 _aOtis Jay L
_9342147
245 0 _aJob evaluation
250 _a2nd
260 _c1954
490 _aPrentice-Hall industrial realtions and personnel series
650 _aJob Evaluation
_9241457
700 _a Leukart Richard H.
_9342148
942 _hX:91, J4;1
_cGB
_2CC
999 _c663129
_d663129